000 00530nam a2200193 i 4500
001 94337
003 ES-MaACL
005 20230906181444.0
007 t|
008 050428s1978 sp ||||1| spa d
100 1 _aLoredo, Francisco.
_974088
245 1 3 _aLa ardilla ciega y otros poemas /
_cFrancisco Loredo.
260 _aMadrid :
_bOriens,
_c1978.
300 _a119 p., 5 h. ;
_c21 cm.
490 1 _aArbolé ;
_v31
830 0 _aArbolé ;
_v31
_9181033
852 _aES-MaACL
_jA-9286
_bR.98494
999 _c94337
_d94337